Las Terrazas del Segre en las inmediaciones de Lérida / por L. Solé Sabarís y José Mª Font...
MARC
| LEADER | 00000nam a2200000Ia 4500 | ||
|---|---|---|---|
| 001 | 909 | ||
| 003 | BGR | ||
| 005 | 20260410113640.0 | ||
| 008 | 160829s1929 xx 000 0 cat d | ||
| 080 | |a RF-5-53 | ||
| 100 | |a Solé i Sabarís, Lluís |9 29807 | ||
| 245 | |a Las Terrazas del Segre en las inmediaciones de Lérida / por L. Solé Sabarís y José Mª Font... | ||
| 260 | |a Barcelona : |b Diputación Provincial de Barcelona, Instituto Geológico - Topográfico, |c 1929 | ||
| 300 | |a 7 p., [5] f. de làm. ; |c 22 cm | ||
| 590 | |a Hi ha un duplicat amb R. 15951 a: DUP-332 | ||
| 650 | |a Sedimentació |x Segre (Riu) |9 34323 | ||
| 650 | |a Geologia |x Segre (Conca hidrogràfica) |9 34324 | ||
| 700 | |a Font, Josep M. |9 34325 | ||
| 710 | 2 | |a Instituto Geológico-Topográfico (Barcelona) |9 71187 | |
| 856 | 4 | |u https://media.diba.cat/diba/fitxers/arxiu/fulletons/bib_909_1929_baixa.pdf |y Accés lliure | |
| 856 | 4 | |u https://media.diba.cat/diba/fitxers/arxiu/fulletons/bib_909_1929_baixa.pdf |y Accés lliure | |
| 900 | |a bib_909_1929_baixa.pdf | ||
| 901 | |a Arxiu | ||
| 942 | |n 1 |2 udc |c MON | ||
| 952 | |0 0 |1 0 |4 0 |6 RF553 |7 1 |9 46465 |a Arxiu |b Arxiu |d 2016-12-01 |l 0 |o RF-5-53 |p 909 |r 2016-12-01 00:00:00 |w 2016-12-01 |y ARXIU | ||
| 999 | |c 50250 |d 50250 | ||